|
|
|
|
| LEADER |
00000naa2a2200000 4500 |
| 001 |
603976 |
| 005 |
20260205115819.0 |
| 035 |
|
|
|a (RuTPU)RU\TPU\conf\1224
|
| 035 |
|
|
|a RU\TPU\conf\1223
|
| 090 |
|
|
|a 603976
|
| 100 |
|
|
|a 20140213d2013 k y0rusy50 ba
|
| 101 |
0 |
|
|a eng
|
| 102 |
|
|
|a RU
|
| 135 |
|
|
|a drnn ---uucaa
|
| 181 |
|
0 |
|a i
|
| 182 |
|
0 |
|a b
|
| 200 |
1 |
|
|a Application of bioloid robot for educational purposes
|f V. E. Maslov, I. I. Buluev
|g sci. adv. V. V. Mikhailov
|
| 203 |
|
|
|a Текст
|c электронный
|
| 225 |
1 |
|
|a Информационные технологии в гуманитарных и медицинских исследованиях
|
| 300 |
|
|
|a Заглавие с титульного экрана
|
| 320 |
|
|
|a [Библиогр.: с. 498 (3 назв.)]
|
| 337 |
|
|
|a Adobe Reader
|
| 463 |
|
1 |
|0 (RuTPU)RU\TPU\conf\515
|t Молодежь и современные информационные технологии
|o сборник трудов XI Международной научно-практической конференции студентов, аспирантов и молодых ученых, г. Томск, 13-16 ноября 2013 г.
|f Национальный исследовательский Томский политехнический университет (ТПУ) ; под ред. Е. А. Сикоры и др.
|v [С. 497-498]
|d 2013
|
| 610 |
1 |
|
|a труды учёных ТПУ
|
| 610 |
1 |
|
|a электронный ресурс
|
| 610 |
1 |
|
|a роботы
|
| 610 |
1 |
|
|a робототехника
|
| 610 |
1 |
|
|a программирование
|
| 700 |
|
1 |
|a Maslov
|b V. E.
|
| 701 |
|
1 |
|a Buluev
|b I. I.
|
| 702 |
|
1 |
|a Mikhailov
|b V. V.
|c Specialist in the field of informatics and computer technology
|c Associate Professor of Tomsk Polytechnic University, Candidate of technical sciences
|f 1946-
|g Valery Vasilyevich
|4 727
|
| 712 |
0 |
2 |
|a Национальный исследовательский Томский политехнический университет (ТПУ)
|b Институт кибернетики (ИК)
|b Кафедра интегрированных компьютерных систем управления (ИКСУ)
|3 (RuTPU)RU\TPU\col\18701
|
| 801 |
|
2 |
|a RU
|b 63413507
|c 20220328
|g RCR
|
| 856 |
4 |
|
|u http://earchive.tpu.ru/handle/11683/70353
|
| 856 |
4 |
|
|u http://www.lib.tpu.ru/fulltext/c/2013/C04/235.pdf
|
| 942 |
|
|
|c CF
|